[Event "It (open)"]
[Site "masterchessopen.com Omis (Croatia)"]
[Date "2004.10.06"]
[Round "1"]
[White "Mesin Vedran (CRO)"]
[Black "Ribicic Mate (CRO)"]
[Result "0-1"]
[WhiteElo "1987"]
[BlackElo "2210"]

1.d4 Nf6 2.c4 g6 3.Nf3 Bg7 4.Nc3 d6 5.g3 O-O 6.Bg2 Nc6 7.O-O a6 8.Re1 Rb8 9.h3
b5 10.b3 bxc4 11.bxc4 Na5 12.Qd3 Be6 13.Nd2 Nd7 14.f4 Nb6 15.d5 Bd7 16.Rb1 e5
17.e3 exf4 18.exf4 Qf6 19.Nce4 Qd4+ 20.Qxd4 Bxd4+ 21.Kh2 Nbxc4 22.Nb3 Bg7
23.Be3 Nxe3 24.Rxe3 Rfe8 25.Rc1 Nxb3 26.Rxb3 Rxb3 27.axb3 Bf5 28.Re1 Rb8
29.Rc1 Rxb3 {#R} 0-1

[Event "Olympiad"]
[Site "masterchessopen.com Calvia (Spain)"]
[Date "2004.10.18"]
[Round "4"]
[White "Barsov Alexei (UZB)"]
[Black "Fedorov Alexei (BLR)"]
[Result "1-0"]
[WhiteElo "2471"]
[BlackElo "2619"]

{ Barsov Alexei (UZB) +2 =0 -0 } 1.d4 { 1 } 1...Nf6 2.c4 g6 3.Nf3 Bg7 4.g3 O-O
5.Bg2 d6 6.O-O Nc6 7.Nc3 a6 8.d5 Na5 9.b3 { ?/= } 9...Rb8 ( 9...c5 10.dxc6
Nxc6 11.Bb2 Qa5 12.Qc1 Bd7 13.Rd1 Rac8 14.Nd5 Nxd5 15.Bxg7 Kxg7 16.cxd5 Ne5
17.Qb2 f6 18.Nd4 Qc3 19.Qxc3 Rxc3 20.Rac1 Rfc8 21.Rxc3 Rxc3 22.Kf1 f5 23.h3
Kf6 24.f4 Nf7 25.Bf3 Nh6 26.Ke1 Kf7 27.Kd2 Rc8 28.Rg1 Ng8 29.g4 { ...1/2-1/2,
Fridman Daniel 2588 - Milov Vadim 2632 , Windesheim 2003 It (open) } ) 10.Bd2
( 10.Nd4 c5 11.dxc6 bxc6 12.Bd2 c5 13.Nc2 Bb7 14.Rc1 Bxg2 15.Kxg2 Nc6 16.f3
Rb7 17.Nd5 e6 18.Nxf6+ Qxf6 19.Ne3 Qd4 20.Ng4 Nb4 21.a3 Nc6 22.Rc3 h5 23.e3
Qxc3 24.Bxc3 Bxc3 25.Nf2 Rd8 26.Ne4 Bg7 27.Rf2 d5 28.Rd2 dxe4 29.Rxd8+ Nxd8 {
...1-0, Kirov Nino 2435 - Adorjan Andras 2530 , Moscow 1977 Ch Europe (team) }
) 10...c5 11.dxc6 ( 11.a4 e5 12.dxe6 fxe6 13.Bf4 Ne8 14.Rc1 b6 15.Ng5 h6
16.Nge4 e5 17.Be3 Be6 18.Rb1 Kh7 19.Qd2 Rb7 20.Rfd1 Rd7 21.Qa2 Nc7 22.Nd5 Nxd5
23.cxd5 Bf5 24.b4 Nb7 25.Qc4 a5 26.bxc5 Nxc5 27.Rb2 Rc7 28.Nxc5 bxc5 29.Bd2
Ra7 30.e4 Bc8 { ...1/2-1/2, Keene Raymond D 2480 - Liberzon Vladimir M 2555 ,
Beer-Sheva 1978 It } ) ( 11.Qe1 b5 12.Nd1 b4 13.Rc1 e6 14.dxe6 fxe6 15.e4 Nc6
16.Bf4 Ng4 17.Qd2 Nge5 18.Nxe5 dxe5 19.Qxd8 Rxd8 20.Bg5 Rd7 21.Nb2 Nd4 22.Rcd1
Bb7 23.Rd2 Rc8 24.Rfd1 a5 25.Kf1 Ba8 26.h4 Ra7 27.Be3 h6 28.Bxd4 exd4 29.e5
Bf8 30.Bxa8 Raxa8 { ...1-0, Aseev Konstantin N 2591 - Inarkiev Ernesto 2491 ,
Elista 2001 Ch Russia } ) 11...Nxc6 ( 11...bxc6 12.Qc1 Re8 13.Qa3 c5 14.Ne1
Qc7 15.Nd5 Nxd5 16.Bxa5 Qa7 17.Rc1 Nb4 18.Nc2 Nxc2 19.Rxc2 Bb7 20.Qc1 Bd4
21.Rd1 Qa8 22.Bxb7 Qxb7 23.e3 Bf6 24.Bc3 Bxc3 { 1/2-1/2, Andersson Ulf 2595 -
Ribli Zoltan 2600 , Bugojno 1984 It (cat.14) } ) 12.Rc1 Bd7 ( 12...Bf5 13.Nd5
Be4 14.Nxf6+ Bxf6 15.Bc3 Bxc3 16.Rxc3 d5 { 1/2-1/2, Martinovic Slobodan 2458 -
Pavlovic Milos 2450 , Cetinje 1992 Ch Yugoslavia (team) } ) 13.Ne1 { } (
13.Nd5 Nxd5 { 1/2-1/2, Drasko Milan 2487 - Baklan Vladimir 2605 , Budva 2002
Ch Yugoslavia (team) } ) ( 13.Bf4 Qa5 14.Qd2 Rbc8 { 1/2-1/2, Blagojevic
Dragisa 2475 - Nevednichy Vladislav 2582 , Niksic 2000 It (cat.10) } )
13...Ne5 14.Nc2 b5 15.cxb5 axb5 16.Nb4 e6 { N } ( 16...Re8 17.h3 Rc8 18.e4 Nc6
19.Nd3 Qb6 20.Be3 Qa5 21.Qd2 Rb8 22.f4 b4 23.Na4 e5 24.f5 Nd4 25.g4 Bxa4
26.bxa4 Qxa4 27.Rc4 Qa6 28.Rxb4 Ne2+ 29.Kh2 Rxb4 30.Nxb4 Qc4 31.Qxd6 Nf4
32.Rc1 Qe2 33.Qd2 Qxd2 34.Bxd2 Nxg2 35.Kxg2 Nxe4 36.Be3 { ...1/2-1/2, Tregubov
Pavel V 2620 - Tkachiev Vladislav 2657 , Shenyang 2000 Cup FIDE (Gr D) } )
17.Bf4 Qb6 { ? } ( 17...Qe7 { ! } 18.Qd2 Nh5 19.Bg5 f6 { } ) 18.Be3 Qa5
19.Qxd6 Rfc8 20.Na6 Ne8 21.Qxb8 Rxb8 22.Nxb8 b4 23.Ne4 Bb5 24.Rc8 Bf8 25.Bd4
f5 26.Ng5 Nf7 27.Nxe6 Nfd6 28.Bd5 Bc6 29.Bc4 Nxc4 30.Nxc6 { } {#r} 1-0

[Event "Ch Slovenia (team) (2 liga) East"]
[Site "masterchessopen.com Slovenia"]
[Date "2004.11.01"]
[Round "2"]
[White "Velec Martina (SLO)"]
[Black "Smon Gregor (SLO)"]
[Result "0-1"]
[WhiteElo "1883"]
[BlackElo "1972"]

1.c4 Nf6 2.g3 g6 3.Bg2 Bg7 4.Nc3 O-O 5.Nf3 d6 6.d4 Nc6 7.O-O a6 8.a3 Na5 9.b3
c5 10.Bb2 Rb8 11.Qc2 b5 12.cxb5 axb5 13.b4 cxb4 14.axb4 Nc4 15.Bc1 Bd7 16.e4
Qc7 17.e5 dxe5 18.Nxe5 Nxe5 19.dxe5 Ng4 20.f4 Rfc8 21.Bd2 Qb6+ 22.Kh1 Nf2+
23.Kg1 Nh3+ 24.Kh1 Qg1+ {#R} 0-1

[Event "It (open)"]
[Site "masterchessopen.com Unna (Germany)"]
[Date "2004.12.28"]
[Round "4"]
[White "Stoering Marc (GER)"]
[Black "Wagner Ralf (GER)"]
[Result "0-1"]
[WhiteElo "2074"]
[BlackElo "2106"]

1.c4 Nf6 2.Nf3 d6 3.d4 g6 4.g3 Bg7 5.Bg2 O-O 6.O-O Nc6 7.Nc3 a6 8.e4 Nd7 9.Be3
e5 10.dxe5 Ndxe5 11.Nxe5 Nxe5 12.Qe2 Be6 13.Nd5 b5 14.cxb5 axb5 15.Rac1 Rxa2
16.Nb4 Rxb2 17.Qxb2 Nf3+ 18.Bxf3 Bxb2 19.Nc6 Qf6 {#R} 0-1

[Event "Ch Russia (w) (1 liga)"]
[Site "masterchessopen.com Kolontaevo (Russia)"]
[Round "8"]
[White "Bindich J (RUS)"]
[Black "Schepetkova Margarita (RUS)"]
[Result "0-1"]
[WhiteElo "1992"]
[BlackElo "2124"]

1.Nf3 d6 2.d4 Nf6 3.g3 g6 4.Bg2 Bg7 5.O-O O-O 6.c4 Nc6 7.Nc3 a6 8.e4 Bg4 9.h3
Bxf3 10.Bxf3 e5 11.d5 Nd4 12.Bg2 Nd7 13.Be3 Rb8 14.Bxd4 exd4 15.Ne2 Re8 16.Re1
Nc5 17.Nc1 b5 18.cxb5 Rxb5 19.Rb1 Qb8 20.b3 a5 21.Nd3 Nxd3 22.Qxd3 Rc5 23.Rbc1
Qb4 24.Rxc5 Qxe1+ {#R} 0-1

[Event "It (open)"]
[Site "masterchessopen.com Geneva (Switzerland)"]
[Date "2005.01.22"]
[Round "1"]
[White "Markowski Tomasz (POL)"]
[Black "Nabavi Parwis (SUI)"]
[Result "1-0"]
[WhiteElo "2582"]
[BlackElo "2128"]

1.g3 Nf6 2.Bg2 g6 3.c4 Bg7 4.Nc3 O-O 5.d4 d6 6.Nf3 Nc6 7.O-O a6 8.Qc2 Rb8
9.Re1 Qe8 10.d5 Nb4 11.Qd2 a5 12.Nd4 e5 13.dxe6 fxe6 14.b3 Ng4 15.Nf3 Qf7
16.Bb2 Bh6 17.e3 Bd7 18.Qe2 Bc6 19.e4 d5 20.a3 dxe4 21.Nxe4 Ne3 22.Ne5 Qf5
23.Nxc6 bxc6 24.fxe3 {#r} 1-0

[Event "It (open)"]
[Site "masterchessopen.com Leutersdorf (Germany)"]
[Round "4"]
[White "Seifert Ronny (GER)"]
[Black "Osmanodja Bilgin (GER)"]
[Result "1-0"]
[WhiteElo "2001"]
[BlackElo "1976"]

1.d4 Nf6 2.Nf3 g6 3.g3 Bg7 4.Bg2 O-O 5.O-O d6 6.c4 Nc6 7.Nc3 a6 8.b3 Rb8 9.a4
Nb4 10.e4 c5 11.Rb1 Bg4 12.d5 Nd7 13.Qd2 f5 14.Ng5 fxe4 15.Ncxe4 h6 16.Nh3 g5
17.Bb2 Bxb2 18.Rxb2 Nf6 19.Nhxg5 hxg5 20.Qxg5+ Kh7 21.Nxf6+ Rxf6 22.Qxg4 Rg6
23.Be4 {#r} 1-0

[Event "It (open) \"]
[Site "masterchessopen.com Moscow (Russia)"]
[Date "2005.02.17"]
[Round "3"]
[White "Kanep Meelis (EST)"]
[Black "Zude Arno (GER)"]
[Result "1-0"]
[WhiteElo "2512"]
[BlackElo "2422"]

1.d4 g6 2.c4 Nf6 3.Nc3 Bg7 4.g3 O-O 5.Bg2 d6 6.Nf3 Nc6 7.O-O a6 8.e3 Rb8 9.Qe2
b5 10.Rd1 Na5 11.cxb5 axb5 12.b4 Nc6 13.Rb1 Na7 14.e4 Nd7 15.Be3 Nb6 16.Nd2
Bd7 17.Rbc1 Na4 18.Nb3 Nc6 19.a3 Nxc3 20.Rxc3 e5 21.d5 Ne7 22.Rdc1 Rc8 23.Na5
f5 24.Nb7 Qe8 25.Rxc7 Rxc7 26.Rxc7 f4 27.Nxd6 Qb8 28.Rxd7 fxe3 29.Qxe3 {#r}
1-0

[Event "It (open)"]
[Site "masterchessopen.com Coventry (England)"]
[Date "2005.03.28"]
[Round "9"]
[White "Cox Tristan (ENG)"]
[Black "Conterno Dominique"]
[Result "1-0"]
[WhiteElo "2051"]
[BlackElo "1688"]

1.Nf3 Nf6 2.c4 g6 3.g3 Bg7 4.Bg2 O-O 5.O-O d6 6.d4 Nc6 7.Nc3 a6 8.Qd3 e5
9.dxe5 Nxe5 10.Nxe5 dxe5 11.Qxd8 Rxd8 12.Bg5 Re8 13.Nd5 Nxd5 14.cxd5 e4
15.Rac1 c6 16.dxc6 bxc6 17.b3 a5 18.Rxc6 a4 19.b4 a3 20.b5 Be6 21.b6 Bxa2
22.Bxe4 Rxe4 23.b7 Rb8 24.Bf4 Ree8 25.Bxb8 Be6 26.Bf4 a2 27.Ra6 {#r} 1-0

[Event "Ch Germany (blitz) (KO-system)"]
[Site "masterchessopen.com Internet"]
[Date "2005.04.03"]
[Round "1"]
[White "Fridman Daniel (GER)"]
[Black "Bezold Michael (GER)"]
[Result "1-0"]
[WhiteElo "2564"]
[BlackElo "2530"]

{ Fridman Daniel (LAT) +8 =4 -1 Bezold Michael (GER) +3 =1 -0 } 1.d4 g6 2.Nf3
Bg7 3.g3 d6 4.Bg2 Nf6 5.O-O O-O 6.c4 a6 7.Nc3 Nc6 8.d5 ( 8.Qd3 Bg4 9.d5 Bxf3
10.exf3 Ne5 11.Qe2 c5 12.f4 Ned7 13.a4 Re8 14.Qd3 Nf8 15.f5 N8d7 16.fxg6 hxg6
17.Bd2 Rb8 18.Rae1 Qb6 19.Qc2 Nf8 20.f4 e6 21.b3 Qc7 22.h3 Qd7 23.Kh2 exd5
24.Nxd5 Nxd5 25.Bxd5 Ne6 26.Qd3 Nd4 27.Qxg6 Rxe1 { ...1-0, Fridman Daniel 2569
- Mamedov Rauf 2494 , Internet 26. 3.2005 Dos Hermanas Internet Final } )
8...Na5 9.b3 c5 { ?/= } 10.dxc6 ( 10.Bb2 b5 11.cxb5 axb5 12.Nxb5 Bb7 13.Bxf6
Bxf6 14.Rb1 Ba6 15.Na3 Qc7 16.Nd2 Rfb8 17.Bf3 Bc8 18.Ne4 Bg7 19.Nc2 Nb7 20.a3
Na5 21.b4 Nc4 22.Qc1 Ne5 23.Bg2 Ba6 24.Re1 Qa7 25.h3 f5 26.Ng5 Bh6 27.Qf4 Nf7
28.h4 Rf8 29.bxc5 Qxc5 { ...1-0, Akopian Vladimir 2630 - Ferrer Pedro 2275 ,
Linares 1996 It (open) } ) 10...Nxc6 11.Bb2 Bd7 ( 11...Rb8 12.Rc1 Bd7 13.Nd4
Nxd4 14.Qxd4 b5 15.Nd5 Ne8 16.Qd2 Bxb2 17.Qxb2 bxc4 18.Rxc4 e6 19.Nb4 d5
20.Nc6 Bxc6 21.Rxc6 Rb6 22.Rfc1 Nd6 23.Qd4 Rxc6 24.Rxc6 Nf5 25.Qc3 a5 26.Rc5
a4 27.bxa4 Qb6 28.Rb5 Qd4 29.Qc2 Ra8 30.e3 Qe5 31.Bf1 { ...0-1, Schneider
Attila 2395 - Toth Andras 2297 , Hungary 1999 Ch Hungary (team) 1998/99 } )
12.Qc1 ( 12.Qd2 Rb8 13.Nd5 Ne8 14.Bxg7 Kxg7 15.Rfd1 Be6 16.Rac1 f6 17.Qe3 Bg8
18.h4 Nc7 19.Nf4 e5 20.Nd3 Qe7 21.Nfe1 f5 22.Bxc6 bxc6 23.c5 e4 24.cxd6 Qxd6
25.Nf4 Nd5 26.Qa7+ Qe7 27.Qxe7+ Nxe7 28.Rd7 Kf6 29.Rcd1 Rb6 30.R1d6+ Ke5
31.Nfd3+ { 1-0, Larsen Bent 2620 - Sigurjonsson Gudmundur 2500 , Reykjavik
1978 It (cat.11) } ) ( 12.Ne1 Qa5 13.Nd3 b5 14.c5 dxc5 15.Nxc5 Be8 16.Nd5 Nxd5
17.Bxg7 Kxg7 18.Qxd5 { 1/2-1/2, Barczay Laszlo 2375 - Romero Holmes Alfonso
2514 , Kecskemet 6.1987 It (open) } ) ( 12.e3 Ne4 13.Nd4 Nxc3 14.Bxc3 Nxd4
15.Bxd4 Bc6 16.Bxg7 Kxg7 17.Bd5 Qb6 18.Qd2 Bxd5 19.Qxd5 Rfc8 20.Qe4 Rc7
21.Rfd1 Qc6 22.Qd4+ Kg8 23.a4 Qc5 24.Qd2 Rc6 25.e4 Rac8 26.Qe1 Rb6 27.Rd3 Rbc6
28.Rad1 Qe5 29.Rd5 Qe6 30.e5 Kf8 31.Qd2 dxe5 { ...1-0, Vaulin Alexander 2490 -
Isupov Vladimir 2380 , Moscow 1995 It (open) } ) ( 12.Nd5 Nxd5 13.Bxg7 Ne3
14.Qc1 Kxg7 15.Qxe3 Rc8 16.Rfd1 Qc7 17.Rac1 b6 18.b4 Kg8 19.b5 Na5 20.Qxe7
axb5 21.Qxd6 Qxd6 22.Rxd6 Be6 23.Rxb6 Bxc4 24.Ra6 Nc6 25.a3 Nb8 26.Rb6 Bxe2
27.Re1 Rfe8 28.h4 Nd7 29.Rd6 Nc5 30.Rd5 Nb3 31.Nd4 Nxd4 { ...1/2-1/2, Odendahl
Reiner 2389 - De Vries Eelco 2201 , Dieren 1991 It (open) } ) 12...Rc8 (
12...Qa5 13.Rd1 Rac8 14.Nd5 Nxd5 15.Bxg7 Kxg7 16.cxd5 Ne5 17.Qb2 f6 18.Nd4 Qc3
19.Qxc3 Rxc3 20.Rac1 Rfc8 21.Rxc3 Rxc3 22.Kf1 f5 23.h3 Kf6 24.f4 Nf7 25.Bf3
Nh6 26.Ke1 Kf7 27.Kd2 Rc8 28.Rg1 Ng8 29.g4 Nf6 30.Ne6 Bxe6 31.dxe6+ Kxe6
32.Bxb7 { ...1/2-1/2, Fridman Daniel 2578 - Milov Vadim 2683 , Windesheim 2003
It (open) } ) 13.Nd5 Nxd5 14.Bxg7 Kxg7 15.cxd5 Ne5 16.Qb2 f6 17.Nd4 Qb6 18.Qd2
{ N } ( 18.Rac1 Rxc1 19.Rxc1 Rc8 20.Rxc8 Bxc8 21.Qc3 Qc5 22.Qd2 Bd7 23.f4 Nf7
24.e3 Nd8 25.Kf2 b5 26.b4 Qc4 27.a3 Nf7 28.e4 Nh6 29.h3 Nf7 30.Bf1 Qc8 31.Ke3
Bxh3 32.Bxh3 Qxh3 33.Ne6+ Kh6 34.Qf2 g5 35.Kd4 Qh1 36.Qe3 Qa1+ 37.Qc3 Qxc3+ {
...0-1, Fridman Daniel 2578 - Socko Bartosz 2570 , Internet 4. 6.2004 It
(blitz) (qual) } ) 18...Rc7 19.f4 Rfc8 { ? } ( 19...Ng4 20.h3 Nh6 21.Qe3 Kg8 {
} ) 20.Qe3 Qc5 { ?! } ( 20...Qb4 { !? } 21.fxe5 dxe5 22.Ne6+ Bxe6 { } )
21.fxe5 dxe5 22.Ne6+ Bxe6 23.Qxc5 Rxc5 24.dxe6 b5 25.Rad1 f5 26.e4 Kf6 27.exf5
gxf5 28.Be4 { +4.50 CAP } {#r} 1-0

[Event "Ch Russia (juniors) (under 18)"]
[Site "masterchessopen.com Dagomys (Russia)"]
[Date "2005.04.13"]
[Round "8"]
[White "Zacurdajev Mikhail (RUS)"]
[Black "Krylov Mikhail (RUS)"]
[Result "0-1"]
[WhiteElo "2330"]
[BlackElo "2408"]

1.d4 Nf6 2.c4 g6 3.Nc3 Bg7 4.Nf3 O-O 5.g3 d6 6.Bg2 Nc6 7.O-O a6 8.h3 Rb8 9.a4
e5 10.Be3 Nd7 11.a5 h6 12.Qd2 Kh7 13.Rfd1 Re8 14.dxe5 Ndxe5 15.Nxe5 Nxe5 16.b3
Nc6 17.Ra4 Be6 18.Nd5 Bxd5 19.Bxd5 Qe7 20.c5 dxc5 21.Re4 Qf8 22.Rxe8 Qxe8
23.Bxc5 Rd8 24.Qe1 Ne5 25.b4 Rxd5 {#R} 0-1

[Event "It \"]
[Site "masterchessopen.com Philadelphia (USA)"]
[Date "2005.06.30"]
[Round "3"]
[White "Owen Steven (USA)"]
[Black "Chase Christopher (USA)"]
[Result "0-1"]
[WhiteElo "2096"]
[BlackElo "2289"]

1.Nf3 g6 2.g3 Bg7 3.Bg2 d6 4.d4 Nf6 5.c4 O-O 6.Nc3 Nc6 7.O-O a6 8.e4 Rb8 9.Qc2
Bd7 10.a3 b5 11.cxb5 axb5 12.b4 e5 13.dxe5 dxe5 14.Be3 Ng4 15.Bc5 Nd4 16.Nxd4
exd4 17.Bxf8 Qxf8 18.Nd5 c6 19.Nf4 h5 20.h3 Ne5 21.Nd3 Nc4 22.h4 Qd8 23.a4 g5
24.axb5 cxb5 25.Ra7 gxh4 26.Nc5 Bg4 27.f3 h3 28.fxg4 d3 29.Ne6 Bd4+ 30.Nxd4
Qxd4+ {#R} 0-1

[Event "It (cat.6)"]
[Site "masterchessopen.com Condom (France)"]
[Round "7"]
[White "Cioara Andrei Nestor (ROM)"]
[Black "Bijaoui Manuel (FRA)"]
[Result "1-0"]
[WhiteElo "2436"]
[BlackElo "2356"]

1.d4 Nf6 2.c4 g6 3.g3 Bg7 4.Bg2 O-O 5.Nc3 d6 6.Nf3 Nc6 7.O-O a6 8.h3 Rb8 9.e4
b5 10.e5 Nd7 11.cxb5 axb5 12.Ng5 dxe5 13.Bxc6 exd4 14.Nxb5 Rb6 15.Na7 Ba6
16.Re1 h6 17.Nf3 Nc5 18.Ne5 Bxe5 19.Rxe5 Nd3 20.Ra5 Qb8 21.Rxa6 Rxa6 22.Qxd3
Qxa7 23.Bb5 Rd6 24.Bf4 e5 25.Bxe5 Rd5 26.Bc4 Rxe5 27.Qxg6+ Kh8 28.Qxh6+ Kg8
29.Qg6+ {#r} 1-0

[Event "Ch Paris (open)"]
[Site "masterchessopen.com Paris (France)"]
[Date "2005.07.10"]
[Round "2"]
[White "Salaun Yann (FRA)"]
[Black "Kazhgaleyev Murtas (KAZ)"]
[Result "0-1"]
[WhiteElo "2331"]
[BlackElo "2602"]

1.d4 Nf6 2.Nf3 g6 3.c4 Bg7 4.Nc3 O-O 5.g3 d6 6.Bg2 Nc6 7.O-O a6 8.Bd2 e5 9.d5
Ne7 10.Rc1 b5 11.cxb5 axb5 12.Qb3 Rb8 13.a3 Nd7 14.Rfd1 Nc5 15.Qb4 Na6 16.Qh4
b4 17.Ne4 f6 18.g4 Nxd5 19.Nfg5 h6 20.Nf3 Nf4 21.Bxf4 exf4 22.Nd4 Qe8 23.Qh3
f5 24.gxf5 gxf5 25.Qb3+ Kh8 26.Nc6 Be6 27.Qd3 fxe4 28.Qxa6 Rb6 {#R} 0-1

[Event "Memorial Karl Mala (open)"]
[Site "masterchessopen.com Frankfurt (Germany)"]
[Round "7"]
[White "Neurohr Juergen (GER)"]
[Black "Klundt Klaus (GER)"]
[Result "0-1"]
[WhiteElo "2122"]
[BlackElo "2377"]

1.d4 Nf6 2.c4 g6 3.Nc3 Bg7 4.Nf3 d6 5.g3 O-O 6.Bg2 Nc6 7.O-O a6 8.h3 Rb8 9.Be3
b5 10.Nd2 Bb7 11.cxb5 axb5 12.Nxb5 Nb4 13.Nc3 Bxg2 14.Kxg2 Nbd5 15.Nb3 Nxe3+
16.fxe3 Qd7 17.e4 Rfc8 18.Qc2 c5 19.e3 Rb4 20.Rae1 Qb7 21.Rf2 e6 22.Kh2 Nd7
23.Ref1 f5 24.d5 Nf6 25.Na5 Qc7 26.Nc6 Nxe4 27.Re2 Rxb2 28.Qxb2 Nxc3 {#R} 0-1

[Event "It (open)"]
[Site "masterchessopen.com Pic d'Anie (France)"]
[Date "2005.08.11"]
[Round "4"]
[White "Brenneur Roger (FRA)"]
[Black "Housieaux David (FRA)"]
[Result "0-1"]
[WhiteElo "1969"]
[BlackElo "2305"]

1.Nf3 g6 2.g3 Bg7 3.Bg2 Nf6 4.O-O O-O 5.c4 d6 6.d4 Nc6 7.Nc3 a6 8.Qc2 Bg4 9.d5
Bxf3 10.exf3 Nd4 11.Qd3 Nd7 12.Kh1 c5 13.dxc6 bxc6 14.Be3 c5 15.f4 Rb8 16.Rab1
e5 17.Rfe1 f5 18.fxe5 dxe5 19.Qd2 Nb6 20.Bg5 Qd6 21.Nd5 Nxd5 22.Bxd5+ Kh8
23.Bh6 Rb4 24.Bxg7+ Kxg7 25.f3 Nxf3 {#R} 0-1

[Event "It (open)"]
[Site "masterchessopen.com Hamburg (Germany)"]
[Date "2005.10.01"]
[Round "1"]
[White "Kopylov Mihail (UKR)"]
[Black "Lucas Michael (GER)"]
[Result "1-0"]
[WhiteElo "2445"]
[BlackElo "2071"]

1.d4 Nf6 2.c4 g6 3.g3 Bg7 4.Bg2 O-O 5.Nc3 d6 6.Nf3 Nc6 7.O-O a6 8.h3 Rb8 9.Be3
b5 10.Nd2 Bd7 11.Rc1 b4 12.Nce4 Nxe4 13.Nxe4 h6 14.d5 Na5 15.b3 f5 16.Nd2 e5
17.dxe6 Bxe6 18.Nf3 Qd7 19.Nd4 Bf7 20.Qd2 Kh7 21.c5 Rfd8 22.Rfd1 dxc5 23.Rxc5
Nb7 24.Rcc1 c5 25.Nc6 Qxd2 26.Bxd2 {#r} 1-0

[Event "It (open)"]
[Site "masterchessopen.com Hamburg (Germany)"]
[Date "2005.10.05"]
[Round "5"]
[White "Kempinski Robert (POL)"]
[Black "Dembo Yelena (GRE)"]
[Result "1-0"]
[WhiteElo "2619"]
[BlackElo "2441"]

{ Kempinski Robert (POL) +1 =0 -1 Dembo Yelena (GRE) +0 =2 -0 } 1.d4 Nf6 2.c4
g6 3.g3 Bg7 4.Bg2 O-O 5.Nf3 d6 6.O-O Nc6 7.Nc3 a6 8.e3 { = } ( 8.h3 Bd7 9.e4
e5 10.dxe5 dxe5 11.Be3 Be6 12.Qa4 Qc8 13.Kh2 Nh5 14.c5 Kh8 15.Rad1 f5 16.exf5
gxf5 17.Qh4 Qe8 18.Ng5 Bg8 19.Nd5 Rc8 20.g4 Nf4 21.Nxf4 exf4 22.Bxf4 fxg4
23.Bg3 gxh3 24.Rfe1 Qg6 25.Be4 Qh6 26.Qxh6 Bxh6 27.Bxc6 Bxg5 { ...1-0,
Kempinski Robert 2627 - Szelag Marcin 2497 , Poznan 26. 4.2005 Ch Poland } )
8...Na5 { +0.44 CAP } ( 8...Rb8 9.Qe2 e6 10.b3 Nd7 11.Bb2 Ne7 12.Rfd1 h6 13.e4
b6 14.Rac1 Bb7 15.d5 e5 16.b4 f5 17.Ba3 Nf6 18.exf5 gxf5 19.Nh4 Bc8 20.Bb2 Qe8
21.a4 Ng6 22.Nxg6 Qxg6 23.c5 bxc5 24.bxc5 f4 25.cxd6 cxd6 26.Ba3 Rd8 27.Rb1
Rxb1 28.Rxb1 { ...0-1, Rustemov Alexander 2611 - McShane Luke J 2531 , Esbjerg
2001 Cup North Sea (cat.14) } ) 9.b3 ( 9.Qe2 c5 10.dxc5 dxc5 11.e4 Bg4 12.Rd1
Nd7 13.Be3 Qc8 14.Na4 Qc6 15.Nc3 Qc8 16.h3 Bxf3 17.Bxf3 Nc6 18.Bg4 e6 19.f4
Bd4 20.e5 Nb6 21.Ne4 h5 22.Bxh5 Kg7 23.Nd6 Qc7 24.Bf3 Bxe3+ 25.Qxe3 Nd4
26.Rac1 Rab8 27.Bg2 Nc8 28.Ne4 Ne7 { ...1-0, Pfleger Helmut Dr 2477 -
Littleton Michael F 2275 , Hague 1966 Zt } ) 9...c5 10.dxc5 { N } ( 10.Bb2 b6
( 10...Qc7 11.Rc1 Bd7 12.Qd2 b5 13.Nd5 Nxd5 14.cxd5 Qb6 15.dxc5 dxc5 16.Bxg7
Kxg7 17.Qc3+ f6 18.Qxc5 Qxc5 19.Rxc5 Rac8 20.Rfc1 Rxc5 21.Rxc5 Rc8 22.Rxc8
Bxc8 23.Nd4 Nb7 24.Kf1 Kf7 25.Ke2 Nc5 26.Kd2 Ke8 27.b4 Na4 28.Nb3 Nb6 29.Nc5
Kd8 { ...1-0, Strnad Josef 2065 - Killar Marek, Czech Republic 2000 Czech
League 2000/01 (2nd) (b) East } ) ( 10...Rb8 11.Qe2 b5 12.cxb5 axb5 13.dxc5
dxc5 14.Rfd1 Qb6 15.Nd5 Nxd5 16.Bxg7 Kxg7 17.Rxd5 Be6 18.Rdd1 c4 19.Qb2+ Kg8
20.bxc4 bxc4 21.Qc3 Rfd8 22.h4 Bf5 23.Nd4 Bd3 24.Bf1 e5 25.Nf3 e4 26.Nd4 Qb4
27.Ne2 Nc6 28.Qf6 Rd6 29.Qc3 Rdd8 { ...0-1, Koenig Frank 2012 - Kunz Andre,
Berlin 8. 5.2005 It (open) "Unicorn" } ) 11.Qe2 Bb7 12.e4 Nd7 13.d5 b5 14.cxb5
axb5 15.Rfe1 Ba6 16.Qd2 f6 17.Ne2 Ne5 18.Nh4 b4 19.Nf4 Bc8 20.Ne6 Bxe6 21.dxe6
Qb6 22.f4 Nec6 23.Qf2 Rab8 24.Bf1 Nd8 25.f5 g5 26.Ng2 Ndc6 27.Ne3 Qb7 28.Nd5
Ne5 29.Be2 Nac6 { ...1-0, Cruz Walter Oswaldo - Tavares da Silva Luiz, Rio de
Janeiro 1957 Zt } ) 10...dxc5 11.Qxd8 Rxd8 12.Ba3 b6 13.Rad1 Rd6 { ?! } (
13...Bf5 14.Na4 Rxd1 15.Rxd1 Rb8 { } ) 14.e4 Rxd1 15.Rxd1 Bb7 16.e5 Ng4 17.Na4
Rb8 18.Nxb6 Bxf3 19.Bxf3 Nxe5 20.Be4 Rxb6 21.Rd8+ Bf8 22.Bxc5 Rb7 23.Bxb7 Nxb7
24.Rc8 Nxc5 25.Rxc5 Nd3 { ?! } ( 25...Nf3+ 26.Kg2 e5 27.Ra5 Ne1+ { } ) 26.Rd5
Nb4 27.Ra5 e5 { ?! } ( 27...Bg7 28.a3 Nc6 { } ) 28.a3 Nd3 29.b4 { } {#r} 1-0

[Event "It (open)"]
[Site "masterchessopen.com Bad Harzburg (Germany)"]
[Date "2005.10.19"]
[Round "2"]
[White "Giese Stefan (GER)"]
[Black "Schoene Ralf (GER)"]
[Result "0-1"]
[WhiteElo "2047"]
[BlackElo "2336"]

1.Nf3 Nf6 2.g3 g6 3.Bg2 Bg7 4.O-O O-O 5.c4 d6 6.d4 a6 7.Nc3 Nc6 8.Bg5 h6 9.Bf4
Ng4 10.d5 e5 11.dxc6 exf4 12.cxb7 Bxb7 13.Qc2 Rb8 14.Rac1 fxg3 15.hxg3 Bxf3
16.exf3 Ne5 17.b3 Nc6 18.Nd5 Nd4 19.Qd3 c6 20.Nf4 Re8 21.Rfe1 Qa5 22.Ne2 Re6
23.b4 Qxb4 24.Rb1 Rxe2 25.Rxb4 Rxe1+ 26.Kh2 Rxb4 27.f4 Rb2 28.f5 gxf5 {#R} 0-1

[Event "It (open)"]
[Site "masterchessopen.com Bad Harzburg (Germany)"]
[Date "2005.10.19"]
[Round "2"]
[White "Olzem Lothar (GER)"]
[Black "Koenig Frank (GER)"]
[Result "1-0"]
[WhiteElo "2202"]
[BlackElo "2037"]

1.d4 Nf6 2.Nf3 g6 3.c4 Bg7 4.Nc3 d6 5.g3 O-O 6.Bg2 Nc6 7.O-O a6 8.h3 Rb8 9.a4
Na5 10.b3 c5 11.e4 cxd4 12.Nxd4 Bd7 13.Be3 Nc6 14.Rc1 Nxd4 15.Bxd4 Bc6 16.b4
b5 17.cxb5 axb5 18.a5 Qd7 19.Qd3 Ne8 20.Nd5 Bxd5 21.exd5 e5 22.dxe6 fxe6
23.Bc6 Qf7 24.Bxe8 Rfxe8 25.Bxg7 Kxg7 26.Qxd6 Qf5 27.Rc7+ {#r} 1-0

[Event "It (cat.4)"]
[Site "masterchessopen.com Pforzheim (Germany)"]
[Date "2005.11.18"]
[Round "2"]
[White "Vasilev Milen (BUL)"]
[Black "Huschenbeth Niclas (GER)"]
[Result "1-0"]
[WhiteElo "2433"]
[BlackElo "2248"]

1.d4 Nf6 2.c4 g6 3.Nc3 Bg7 4.Nf3 d6 5.g3 O-O 6.Bg2 Nc6 7.O-O a6 8.e4 Bg4 9.Be3
Nd7 10.Ne2 e5 11.d5 Ne7 12.Ne1 f5 13.f3 Bh5 14.h3 f4 15.gxf4 Bh6 16.Qd2 Qb8
17.Nd3 b5 18.c5 c6 19.fxe5 Bxe3+ 20.Qxe3 dxe5 21.d6 Nc8 22.Ng3 Qa7 23.Nxh5
gxh5 24.Rae1 Kh8 25.f4 exf4 26.Rxf4 {#r} 1-0

[Event "Ch France (team) (nat.2) 2005/06"]
[Site "masterchessopen.com France"]
[Date "2005.11.19"]
[Round "2"]
[White "David Vincent (FRA)"]
[Black "Le Huec Marc (FRA)"]
[Result "1-0"]
[WhiteElo "2265"]
[BlackElo "2195"]

1.d4 Nf6 2.c4 g6 3.Nf3 Bg7 4.g3 O-O 5.Bg2 d6 6.O-O Nc6 7.Nc3 a6 8.h3 Rb8 9.e4
Nd7 10.Be3 Na5 11.b3 c5 12.Rc1 b5 13.cxb5 axb5 14.dxc5 dxc5 15.Bf4 e5 16.Bg5
Bf6 17.Bxf6 Qxf6 18.Nd5 Qd6 19.Qd2 Nc6 20.Qh6 f6 21.Rfd1 Nd4 22.Nxd4 cxd4
23.Rc6 Qa3 24.Re6 Rf7 25.Re8+ Nf8 26.Rc1 {#r} 1-0

[Event "Ch Central Region (club)"]
[Site "masterchessopen.com Tula (Russia)"]
[Date "2005.11.28"]
[Round "4"]
[White "Uzhva Andrey (RUS)"]
[Black "Trubizin Alexander (RUS)"]
[Result "1-0"]
[WhiteElo "2237"]
[BlackElo "2123"]

1.d4 Nf6 2.c4 d6 3.g3 g6 4.Bg2 Bg7 5.Nf3 O-O 6.O-O Nc6 7.Nc3 a6 8.e4 e5 9.dxe5
dxe5 10.Qxd8 Rxd8 11.Bg5 Re8 12.Nd5 Nxd5 13.cxd5 Nd8 14.Rac1 f6 15.Be3 c6
16.Nd2 Bd7 17.Nc4 Bc8 18.Nb6 Rb8 19.d6 Be6 20.d7 Re7 21.Bc5 {#r} 1-0